| 000 | 00588cam a22002171 4500 | ||
|---|---|---|---|
| 001 | 9329091 | ||
| 003 | ARRUPE | ||
| 005 | 20140611123955.0 | ||
| 008 | 751103s1955 nyu 000 1 eng | ||
| 010 | _a 55003470 | ||
| 035 | _a(OCoLC)1803203 | ||
| 040 |
_aDLC _cFJ _dOCoLC _dDLC |
||
| 042 | _apremarc | ||
| 050 | 0 | 0 |
_aPZ3.H19485 _bDr 2 _aPR6058.A59 |
| 100 | 1 |
_aHanley, Gerald. _910820 |
|
| 245 | 1 | 0 | _aDrinkers of darkness. |
| 260 |
_aNew York, _bPenguin Books, _c1958. |
||
| 300 |
_a256 p. _c21 cm. |
||
| 906 |
_a7 _bcbc _coclcrpl _du _encip _f19 _gy-gencatlg |
||
| 942 |
_2lcc _cMONOGRAPH |
||
| 999 |
_c120702 _d120702 |
||